Library Banner

Gulshan i Qadari hayat tayyabah hazrat Mian Mir Qadiri Rahatullah Aleh Lahore = گلشن قادریہ حیات طیبہ حضرت میاں میر قادری رحمۃ اللہ علیہ لاہور / (Record no. 127218)

MARC details
000 -LEADER
fixed length control field 00634nam a22001457a 4500
005 - DATE AND TIME OF LATEST TRANSACTION
control field 20220719103105.0
008 - FIXED-LENGTH DATA ELEMENTS--GENERAL INFORMATION
fixed length control field 220719b ||||| |||| 00| 0 eng d
040 ## - CATALOGING SOURCE
Transcribing agency PK-LaUMT
082 ## - DEWEY DECIMAL CLASSIFICATION NUMBER
Classification number APC 297.4092
Item number IQB-G
100 ## - MAIN ENTRY--PERSONAL NAME
Personal name Iqbal Kharal, Muhammad = اقبال کھرل، محمد
245 ## - TITLE STATEMENT
Title Gulshan i Qadari hayat tayyabah hazrat Mian Mir Qadiri Rahatullah Aleh Lahore = گلشن قادریہ حیات طیبہ حضرت میاں میر قادری رحمۃ اللہ علیہ لاہور /
Statement of responsibility, etc by Muhammad Iqbal Kharal = از محمد اقبال کھرل
260 ## - PUBLICATION, DISTRIBUTION, ETC. (IMPRINT)
Place of publication, distribution, etc Lahore :
Name of publisher, distributor, etc Haji Parvez,
Date of publication, distribution, etc 2006
300 ## - PHYSICAL DESCRIPTION
Extent 240 p.
942 ## - ADDED ENTRY ELEMENTS (KOHA)
Koha item type Books
Holdings
Withdrawn status Lost status Damaged status Home library Current library Date acquired Full call number Barcode Date last seen Price effective from Koha item type
      UMT Main Campus UMT Main Campus 2022-07-19 APC 297.4092 IQB-G 143300 2022-07-19 2022-07-19 Books